Trabajos del Departamento de Botánica. (Record no. 177893)

MARC details
000 -LEADER
campo de control de longitud fija 00779nam a22002055i 4500
001 - NÚMERO DE CONTROL
campo de control 177893
003 - IDENTIFICADOR DE NÚMERO DE CONTROL
campo de control ES-MaACL
005 - FECHA Y HORA DE LA ÚLTIMA TRANSACCIÓN
campo de control 20250814015830.0
008 - DATOS DE LONGITUD FIJA--INFORMACIÓN GENERAL
campo de control de longitud fija 110505s1972 sp a |||| | spa d
080 ## - NÚMERO DE LA CLASIFICACIÓN DECIMAL UNIVERSAL
Número de la Clasificación Decimal Universal 58
245 00 - MENCIÓN DEL TÍTULO
Título Trabajos del Departamento de Botánica.
Nombre de parte o sección de la obra 1 /
Mención de responsabilidad, etc. Universidad de Granada, Departamento Interfacultativo de Botánica y Ecología Vegetal.
260 ## - PUBLICACIÓN, DISTRIBUCIÓN, ETC.
Lugar de publicación, distribución, etc. Granada :
Nombre del editor, distribuidor, etc. Universidad de Granada,
Fecha de publicación, distribución, etc. 1972.
300 ## - DESCRIPCIÓN FÍSICA
Extensión 57 p. :
Otras características físicas il. bl. y n. ;
Dimensiones 25 cm.
504 ## - NOTA DE BIBLIOGRAFÍA, ETC.
Nota de bibliografía, etc. Bibliografía: p. 52-57.
650 #7 - PUNTO DE ACCESO ADICIONAL DE MATERIA--TÉRMINO DE MATERIA
Término de materia o nombre geográfico como elemento de entrada Botánica
Fuente del encabezamiento o término embne
9 (RLIN) 10610
650 #4 - PUNTO DE ACCESO ADICIONAL DE MATERIA--TÉRMINO DE MATERIA
Término de materia o nombre geográfico como elemento de entrada Ecología vegetal.
9 (RLIN) 147564
710 2# - ENTRADA AGREGADA--NOMBRE DE ENTIDAD CORPORATIVA
Nombre de entidad corporativa o nombre de jurisdicción como elemento de entrada Universidad de Granada.
Unidad subordinada Departamento Interfacultativo de Botanica y Ecología Vegetal.
9 (RLIN) 146380
852 4# - LOCALIZACIÓN
Ubicación ES-MaACL
Número de control de estantería 2289-F-7
Encuadernación Olim P-1595
Holdings
Estatus retirado Estado de pérdida Estado de daño No para préstamo Colección Biblioteca de origen Biblioteca actual Ubicación en estantería Fecha de adquisición Fuente de adquisición Total de préstamos Signatura topográfica completa Código de barras Visto por última vez Precio de reemplazo Tipo de ítem Koha
        Colección de folletos Biblioteca del Ateneo de Madrid Biblioteca del Ateneo de Madrid Depósito folletos 05/05/2011     2289-F-7 1186881 23/02/2023 23/02/2023 Folleto